PAG-Artikel - Statistiken

Allgemein
  • Dieses Quiz wurde 23 mal gespielt
  • Das Durchschnittsergebnis liegt bei 9 aus 10
Antwortstatistiken
Hint Antwort % Korrekt
Art. 11 Atypische Maßnahme
100%
Art. 21/22 Durchsuchung
100%
Art. 17 Gewahrsam
100%
Art. 16 Platzverweis
100%
Art. 70 ff Unmittelbarer Zwang
100%
Art. 2 Aufgaben der Polizei
92%
Art. 25 Sicherstellung
92%
Art. 4 Verhältnismäßigkeit
83%
Art. 13 Identitätsfeststellung
75%
Art. 61 Datenabgleich
67%
Keine übereinstimmenden Quizze gefunden
Verteilung der Resultate
Anzahl Personen mit jedem Resultat
Perzentil nach korrekt beantworteten Fragen
Ihre Resultats-Entwicklung
Sie haben dieses Quiz noch nicht gespielt